Electro-technology: for National Certificate Courses; Vol-II (Record no. 3359)

000 -LEADER
fixed length control field 00491nam a22001697a 4500
008 - FIXED-LENGTH DATA ELEMENTS--GENERAL INFORMATION
fixed length control field 200609b ||||| |||| 00| 0 eng d
082 00 - DEWEY DECIMAL CLASSIFICATION NUMBER
Classification number 621.3
Item number B923
100 ## - MAIN ENTRY--PERSONAL NAME
9 (RLIN) 2807
Personal name Buckingham, H.
245 10 - TITLE STATEMENT
Title Electro-technology: for National Certificate Courses; Vol-II
250 ## - EDITION STATEMENT
Edition statement 1st ed.
260 ## - PUBLICATION, DISTRIBUTION, ETC. (IMPRINT)
Place of publication, distribution, etc London
Name of publisher, distributor, etc English Universities Press
Date of publication, distribution, etc 1956
300 ## - PHYSICAL DESCRIPTION
Extent xiii,15-298p.
365 ## - TRADE PRICE
Unit of pricing 8.13
650 #0 - SUBJECT ADDED ENTRY--TOPICAL TERM
Topical term or geographic name as entry element Electrical Engineering
700 ## - ADDED ENTRY--PERSONAL NAME
9 (RLIN) 2808
Personal name Price, E. M.
942 ## - ADDED ENTRY ELEMENTS (KOHA)
Item type Books
Holdings
Withdrawn status Lost status Source of classification or shelving scheme Damaged status Not for loan Permanent location Current location Date acquired Source of acquisition Full call number Barcode Date last seen Koha item type
          IMU Kolkata IMU Kolkata 1958-02-20 Bailey books and suppliers 621.3 B923 02392 2020-06-09 Books
          IMU Kolkata IMU Kolkata 1958-02-20 Bailey books and suppliers 621.3 B923 02393 2020-06-09 Books
Designed and Maintained by IMU-KC Library, Kolkata Campus © Copyright All Rights Reserved

webs counters

Powered by Koha